01468nam a2200265 a 450000100100000000500170001000800410002704000250006808200160009324500570010926000380016630000270020449000480023150000370027983000550031604900090037195201150038095201150049595201150061095201150072595201150084095201150095595201150107099900170118500002719620200930030650.0110330s1988 dr a 000 0 spa d aDO-SdBNPbspacBNPHU axxxxbA345h00aAlbum-homenaje a la memoria de Luis C. del Castillo. aSanto Domingo :bCorripio,c1988. a89 p. :bil. ;c15 cm.1 aLuis Conrado Del Castillo Rodríguez-Objio aLa biblioteca posee el volumen 4 0aLuis Conrado Del Castillo Rodríguez-Objio954256 aBNPD 00107-18PDaPDbPDcOId2011-03-30iLF1l0oxxxx A345hp27196-10r2020-06-25w2020-06-25yLFPDZNo se presta 00107-18PDaPDbPDcOId2011-03-30iLF1l0oxxxx A345hp27196-20r2020-06-25w2020-06-25yLFPDZNo se presta 00107-18PDaPDbPDcOId2011-03-30iLF1l0oxxxx A345hp27196-30r2020-06-25w2020-06-25yLFPDZNo se presta 00107-18PDaPDbPDcOId2011-03-30iLF1l0oxxxx A345hp27196-40r2020-06-25w2020-06-25yLFPDZNo se presta 00107-18PDaPDbPDcOId2011-03-30iLF1l0oxxxx A345hp27196-50r2020-06-25w2020-06-25yLFPDZNo se presta 00107-18PDaPDbPDcOId2011-03-30iLF1l0oxxxx A345hp27196-60r2020-06-25w2020-06-25yLFPDZNo se presta 00107-18PDaPDbPDcOId2011-03-30iLF1l0oxxxx A345hp27196-70r2020-06-25w2020-06-25yLFPDZNo se presta c26688d26688